| 000 | 00721nam a22002417a 4500 | ||
|---|---|---|---|
| 999 |
_c9183 _d9183 |
||
| 001 | 9183 | ||
| 003 | BD-JhCC | ||
| 005 | 20180312190836.0 | ||
| 008 | 180215s2008 bg a|||| |||| 000 0bben d | ||
| 020 | _a9848020586 | ||
| 035 | _a(BD-JhCC)9183 | ||
| 040 |
_aBD-JhCC _dBD-JhCC |
||
| 041 | _aben | ||
| 082 |
_a954.91052092 _bDAT 2008 |
||
| 100 | _aভুট্টো, বেনজির | ||
| 245 |
_aডটার অব দ্য ইস্ট : _bআত্নজীবনী / _cবেনজির ভুট্টো |
||
| 260 |
_aঢাকা : _bচারদিক, _c2008. |
||
| 300 |
_a414 p. : _c24 cm. _bill. ; |
||
| 650 |
_aPoliticians _zPakistan |
||
| 650 | _aBiography | ||
| 942 |
_2ddc _cBK |
||